| 000 | 00723nam a2200217 a 4500 | ||
|---|---|---|---|
| 005 | 20210219153053.0 | ||
| 008 | 991125n 000 0 spa u | ||
| 035 | _aUPN01000075851 | ||
| 100 | 1 | _aAguilar Fernández, Victor Manuel | |
| 222 | _aREVISTA DE LA UNIVERSIDAD AUTONOMA DE YUCATAN | ||
| 245 | _aEl empleo de la creatividad en la promomoción de los servicios de las bibliotecas : una experiencia institucional | ||
| 300 | _a101-105 | ||
| 362 | 0 | _a1994 Vol. 9, no. 188, (ene.-mar.) | |
| 653 | 0 | _aBIBLIOTECAS UNIVERSITARIAS | |
| 653 | 0 | _aDIFUSION CULTURAL | |
| 653 | 0 | _aPROMOCION BIBLIOTECARIA | |
| 653 | 0 | _aCREATIVIDAD | |
| 653 | 0 | _aSERVICIOS BIBLIOTECARIOS | |
| 904 |
_aAC _b013662 |
||
| 905 | _aArticulo | ||
| 999 |
_c67665 _d67665 |
||